<?xml version="1.0" encoding="UTF-8"?>
<record
    xmlns:xsi="http://www.w3.org/2001/XMLSchema-instance"
    xsi:schemaLocation="http://www.loc.gov/MARC21/slim http://www.loc.gov/standards/marcxml/schema/MARC21slim.xsd"
    xmlns="http://www.loc.gov/MARC21/slim">

  <leader>00836cam a2200325   4500</leader>
  <controlfield tag="001">171715</controlfield>
  <controlfield tag="003">ItRFAO</controlfield>
  <controlfield tag="008">930101t1972    xxu|||||  ||| 00| 0     d</controlfield>
  <datafield tag="040" ind1=" " ind2=" ">
    <subfield code="a">ItRFAO</subfield>
    <subfield code="d">ItRFAO</subfield>
  </datafield>
  <datafield tag="041" ind1="0" ind2=" ">
    <subfield code="a">chi</subfield>
  </datafield>
  <datafield tag="084" ind1=" " ind2=" ">
    <subfield code="a">551.5 C33</subfield>
    <subfield code="9">104154</subfield>
  </datafield>
  <datafield tag="546" ind1=" " ind2=" ">
    <subfield code="a">Chinese</subfield>
  </datafield>
  <datafield tag="110" ind1=" " ind2=" ">
    <subfield code="a">Central Meteorological Bureau, Peking (China)</subfield>
    <subfield code="l">eng</subfield>
    <subfield code="9">1128</subfield>
  </datafield>
  <datafield tag="242" ind1="0" ind2="0">
    <subfield code="a">Cloud atlas of China</subfield>
  </datafield>
  <datafield tag="245" ind1="0" ind2="0">
    <subfield code="a">&#x4E2D;&#x56FD;&#x4E91;&#x56FE;</subfield>
  </datafield>
  <datafield tag="260" ind1=" " ind2=" ">
    <subfield code="a">Peking (China)</subfield>
    <subfield code="b">Kexue Chubanshe</subfield>
    <subfield code="c">1972</subfield>
  </datafield>
  <datafield tag="300" ind1=" " ind2=" ">
    <subfield code="a">219 p.</subfield>
  </datafield>
  <datafield tag="336" ind1=" " ind2=" ">
    <subfield code="2">ItRFAO</subfield>
  </datafield>
  <datafield tag="338" ind1=" " ind2=" ">
    <subfield code="2">ItRFAO</subfield>
    <subfield code="a">Books</subfield>
  </datafield>
  <datafield tag="520" ind1=" " ind2=" ">
    <subfield code="a">Col. illus.  </subfield>
  </datafield>
  <datafield tag="650" ind1="1" ind2="7">
    <subfield code="2">agrovoc</subfield>
    <subfield code="a">CLOUDS</subfield>
    <subfield code="9">1129</subfield>
  </datafield>
  <datafield tag="650" ind1="1" ind2="7">
    <subfield code="2">agrovocf</subfield>
    <subfield code="a">NUAGE</subfield>
    <subfield code="9">1130</subfield>
  </datafield>
  <datafield tag="650" ind1="1" ind2="7">
    <subfield code="2">agrovocs</subfield>
    <subfield code="a">NUBES</subfield>
    <subfield code="9">1131</subfield>
  </datafield>
  <datafield tag="651" ind1=" " ind2="7">
    <subfield code="2">agrovoc</subfield>
    <subfield code="a">CHINA</subfield>
  </datafield>
  <datafield tag="651" ind1=" " ind2="7">
    <subfield code="2">agrovocf</subfield>
    <subfield code="a">CHINE</subfield>
  </datafield>
  <datafield tag="651" ind1=" " ind2="7">
    <subfield code="2">agrovocs</subfield>
    <subfield code="a">CHINA</subfield>
  </datafield>
  <datafield tag="919" ind1=" " ind2=" ">
    <subfield code="a">Library material</subfield>
  </datafield>
  <datafield tag="942" ind1=" " ind2=" ">
    <subfield code="n">0</subfield>
    <subfield code="c">MX</subfield>
  </datafield>
  <datafield tag="999" ind1=" " ind2=" ">
    <subfield code="c">236</subfield>
    <subfield code="d">236</subfield>
  </datafield>
  <datafield tag="952" ind1=" " ind2=" ">
    <subfield code="0">0</subfield>
    <subfield code="1">0</subfield>
    <subfield code="4">0</subfield>
    <subfield code="7">0</subfield>
    <subfield code="8">REF</subfield>
    <subfield code="a">MPL</subfield>
    <subfield code="b">MPL</subfield>
    <subfield code="c">GEN</subfield>
    <subfield code="d">2014-09-04</subfield>
    <subfield code="p">39999000010237</subfield>
    <subfield code="r">2014-09-04 00:00:00</subfield>
    <subfield code="w">2014-09-04</subfield>
    <subfield code="y">BK</subfield>
  </datafield>
</record>
